[Event "RSA-ch U18 Girls"]
[Site "Gauteng"]
[Date "2017.04.10"]
[Round "9"]
[White "Mbonani, Sihle"]
[Black "Kekana, Letsatsi"]
[Result "0-1"]
[WhiteElo "968"]
[BlackElo "1182"]
[PlyCount "42"]
[EventDate "2017.04.05"]
[EventType "swiss"]
[EventRounds "11"]
[EventCountry "RSA"]
[SourceTitle "CBM 177 Extra"]
[Source "ChessBase"]
[SourceDate "2017.04.27"]
[SourceVersion "1"]
[SourceVersionDate "2017.04.27"]
[SourceQuality "1"]

1. e4 e6 2. g3 d5 3. Bg2 c5 4. d3 Nc6 5. Ne2 Nf6 6. Bf4 dxe4 7. 0-0 exd3 8. cxd3 Be7 9. Nbc3 0-0 10. Rc1 e5 11. Bd2 Bd7 12. Na4 b6 13. a3 Rc8 14. Nac3 Bg4 15. Qa4 Bd7 16. Bxc6 Bxc6 17. Qxa7 Ra8 18. Nb5 Rxa7 19. Nxa7 Bb7 20. Bc3 Qd5 21. Rfd1 Qg2# 0-1

[Event "RSA-ch U18 Girls"]
[Site "Gauteng"]
[Date "2017.04.07"]
[Round "4"]
[White "Mbonani, Sihle"]
[Black "Nkoana, Kholofelo"]
[Result "0-1"]
[WhiteElo "968"]
[BlackElo "1059"]
[PlyCount "106"]
[EventDate "2017.04.05"]
[EventType "swiss"]
[EventRounds "11"]
[EventCountry "RSA"]
[SourceTitle "CBM 177 Extra"]
[Source "ChessBase"]
[SourceDate "2017.04.27"]
[SourceVersion "1"]
[SourceVersionDate "2017.04.27"]
[SourceQuality "1"]

1. e4 e5 2. Nc3 Nf6 3. Nf3 Nc6 4. Bc4 h6 5. a3 Bc5 6. d3 d6 7. 0-0 0-0 8. h3 a6 9. Qe2 Re8 10. b4 Nd4 11. Qd1 Ba7 12. Bd2 b5 13. Ba2 Ne6 14. Be3 Bd4 15. Bd5 Bxc3 16. Bxa8 Bxa1 17. Qxa1 Qd7 18. Qc3 Qe7 19. Qc6 Qd7 20. Qxd7 Bxd7 21. Bd5 c6 22. Ba2 Nh5 23. c4 Nef4 24. Re1 Be6 25. Nh4 Nxd3 26. Rd1 bxc4 27. Nf5 Bxf5 28. exf5 d5 29. a4 Nb2 30. Rc1 d4 31. g4 Nf6 32. Bxc4 Nxc4 33. Rxc4 dxe3 34. fxe3 Rc8 35. b5 axb5 36. axb5 c5 37. b6 Nd7 38. b7 Rb8 39. Ra4 Rxb7 40. Ra8+ Kh7 41. h4 c4 42. g5 c3 43. Ra6 c2 44. g6+ fxg6 45. fxg6+ Kh8 46. Rc6 Rb1+ 47. Kf2 c1Q 48. Rd6 Nf6 49. Rd8+ Ng8 50. Re8 Qf1+ 51. Kg3 Rb2 52. Kg4 Rg2+ 53. Kh3 Qf3# 0-1